00575cam a22002054a 450000100060000000300100000600500170001600800410003302000150007403500140008904000190010308200160012210000160013824500450015425000120019926000490021130000330026050400510029365000250034437850(BD-RjUL)20211209052653.0060117s2008 maua b 001 0beng  a0074632000 a(BD-RjUL) aDLCc(BD-RjUL)00a621.3812221 aJain, R. P.10aModern digital electronics /cR.P. Jain. a2nd ed. aIndia :b TataMcGraw-Hill pub. com. ,cc1997 axv, 500 p. :bill. ;c23 cm. aIncludes bibliographical references and index. 0aDigital electronics.